00279nam a2200097Ia 4500008004100000100003800041245004800079260001300127260003300140300000800173201214s9999 xx 000 0 und d aAlexander Hamilton Institute, Inc 0aCapital Management For Financial Executives aNew York bAlexander Hamilton Institute a129